000
00356nam a2200133Ia 4500
008
151001s9999||||xx |||||||||||||| ||und||
100
_a
बर्च बेव्हली
245
_a
मारी क्युरी
250
_a
1
260
_b
ओरीयंट लॉगमन लि
260
_c
2007
300
_a
64
365
_b
21
999
_c
989463
_d
989460